Manos limpias: la corrupción en las empresas públicas, de todos los chilenos; 1980-2001
محفوظ في:
| المؤلف الرئيسي: | |
|---|---|
| التنسيق: | كتاب |
| اللغة: | الإسبانية |
| منشور في: |
Santiago
Mare Nostrum
2001
|
| الموضوعات: | |
| الوسوم: |
إضافة وسم
لا توجد وسوم, كن أول من يضع وسما على هذه التسجيلة!
|
MARC
| LEADER | 00000nam a2200000 a 4500 | ||
|---|---|---|---|
| 001 | UCL5810 | ||
| 003 | CL-VaPUC | ||
| 008 | 040319e20010000CL |||||||||||||||||spa|d | ||
| 020 | |a 9568089012 | ||
| 082 | 0 | 4 | |a 364.1323 |b BRE |2 21 |
| 100 | 0 | |a Brescia, Maura |e author |9 483490 | |
| 245 | 1 | 0 | |a Manos limpias: la corrupción en las empresas públicas, de todos los chilenos; 1980-2001 |
| 300 | |a 211 p | ||
| 942 | |c BK | ||
| 945 | |d 20040319 00:00:00 |a cmena | ||
| 260 | |a Santiago |b Mare Nostrum |c 2001 | ||
| 650 | 0 | |a Corrupción política |9 376572 | |
| 650 | 0 | |a Poder político |9 255509 | |
| 650 | 7 | |a PODER ECONOMICO |2 CL-VaPUC |9 338221 | |
| 650 | 0 | |a Empresas públicas |9 338439 | |
| 650 | 0 | |a Etica política |9 255799 | |
| 651 | 7 | |a CHILE |2 CL-VaPUC |9 483491 | |
| 583 | |a last modification |c 20040319 00:00:00 |k Rodrigo Vera | ||
| 999 | |c 308198 |d 308196 | ||
| 952 | |0 0 |1 0 |4 0 |6 364_132300000000000_BRE_2001 |7 0 |8 A |9 374505 |a BIBCUR |b BIBCUR |d 2019-11-21 |i 382103K |o 364.1323 BRE 2001 |p 382103K |r 2025-04-22 |w 2019-11-21 |y BK |k PER | ||